Normal view
MARC view
Entry Personal Name
001 - CONTROL NUMBER
- control field: 1237512
003 - CONTROL NUMBER IDENTIFIER
- control field: OSt
005 - DATE AND TIME OF LATEST TRANSACTION
- control field: 20260430150435.0
008 - FIXED-LENGTH DATA ELEMENTS
- fixed length control field: 260430|| aca||aabn | a|a d
040 ## - CATALOGING SOURCE
- Original cataloging agency: OSt
- Transcribing agency: OSt
100 ## - HEADING--PERSONAL NAME
- Personal name: Deepak Kumar Au.; Jarwal Devendra Gu
670 ## - SOURCE DATA FOUND
- Source citation: Work cat.: (OSt)1849784: Deepak Kumar Au.; Jarwal Devendra Gu., Detection of Herd Behaviour in the Equity Markets of Brics Nation, 2023
